| 000 | 01495cam a22004334i 4500 | ||
|---|---|---|---|
| 003 | PE-LiUPU | ||
| 005 | 20250731173312.0 | ||
| 008 | 150625s1975 sp r 000 0 spa d | ||
| 035 | _a(Sirsi) a37010 | ||
| 040 |
_aPE-LiUPU _bspa _cPE-LiUPU _erda |
||
| 082 | 0 | 4 |
_a296.09 _bV37 _221 |
| 100 | 1 |
_aVaux, Roland de, _eautor. |
|
| 245 | 1 | 0 |
_aHistoria Antigua de Israel : _basentamiento en Canaan y periodo de los jueces. _n2. |
| 264 | 1 |
_aMadrid : _bCristiandad, _c1975]. |
|
| 300 |
_aV, 105 páginas ; _c24 centímetros |
||
| 336 |
_atext _2rdacontent |
||
| 337 |
_aunmediated _2rdamedia |
||
| 338 |
_avolume _2rdacarrier |
||
| 490 | 0 | _aBiblioteca Cristiandad | |
| 526 | _aSEG42 | ||
| 526 | _aSEG41 | ||
| 526 | _aSEG40 | ||
| 526 | _aSEG39 | ||
| 526 | _aP94 | ||
| 526 | _aP87 | ||
| 526 | _aP86 | ||
| 526 | _aP85 | ||
| 526 | _aP77 | ||
| 526 | _aP76 | ||
| 526 | _aP35 | ||
| 650 | 0 | 4 |
_aPalestina _xHistoria _yHasta 70 d.C. |
| 700 | 1 |
_aDomínguez, Atilano, _etraductor. |
|
| 700 | 1 |
_aValiente Malla, Jesús, _etraductor. |
|
| 942 |
_2ddc _cBOOK |
||
| 949 |
_a296.09 V37 2 _wDEWEY _c1 _i14758 _lCCODEBUL1 _mBUL _p20.00 _r0 _sY _tBOOK _u2015-06-25 _xBIBLIOTECA _zUNKNOWN _0COMPRA _o.STAFF. Colección Teología |
||
| 596 | _a1 | ||
| 999 |
_a296.09 V37 2 _wDEWEY _c45147 _i14758 _d45147 _e2017-11-13 _f2021-11-12 _g5 _lCCODEBUL1 _mBUL _n2 _p20.00 _q5 _r0 _sY _tBOOK _u2015-6-25 _xTEOLOGIA _PP35 _0COMPRA _o.STAFF. Colección Teología |
||
| 980 |
_81 _gALBERTO SANCHEZ Responsable de Automatización |
||